Crímenes y pecados: de los jóvenes en la crónica policial

Kaydedildi:
Detaylı Bibliyografya
Yazar: Arfuch, Leonor
Müşterek Yazar: Universidad de Buenos Aires
Materyal Türü: Bilinmiyor
Dil:Spanish
Baskı/Yayın Bilgisi: Buenos Aires: UNICEF
Konular:
Etiketler: Etiketle
Etiket eklenmemiş, İlk siz ekleyin!

MARC

LEADER 00000 a2200000 04500
001 28880
003
008 050619s1997 ag spa d
040
020 |a 987-95490-9-0  
090 |a 190104  
100 |a Arfuch, Leonor  
110 |a Universidad de Buenos Aires  
245 |a Crímenes y pecados: de los jóvenes en la crónica policial  
260 |a Buenos Aires:   |b UNICEF  
300 |a 97 p  
650 |a MEDIOS DE COMUNICACION  
650 |a DELINCUENCIA JUVENIL  
650 |a CRIMEN ORGANIZADO  
650 |a JUVENTUD  
650 |a IDENTIDAD CULTURAL  
999 |c 13464  |d 13464